000 01216cad a22002295a 4500
001 L153642
008 110812s2011 xxk f 000 0 eng d
035 _a(Sirsi) u153642
041 0 _aeng
100 1 _aBailey, Richard
245 0 0 _aLocal Democracy, Economic Development and Construction Act 2009
_h[electronic resource]
260 _a[S.l.]
_bFenwick Elliott
_c2011
520 _aSummary of the key changes to Part 8 of the Local Democracy, Economic Development and Construction Act 2009 (the "New Act") which amends the adjudication and payment provisions in Part II of the Housing Grants, Construction and Regeneration Act 1996 comes into force on 1 October 2011.
590 _aKA
650 2 4 _aLOCAL DEMOCRACY, ECONOMIC DEVELOPMENT AND CONSTRUCTION ACT 2009
650 2 4 _aHOUSING GRANTS, CONSTRUCTION AND REGENERATION ACT 1996
651 4 _aEngland and Wales
_y1543-
690 _aBUILT ENVIRONMENT-CONSTRUCTION MANAGEMENT-BUILDING CONTRACT ADMINISTRATION
710 1 _aFenwick Elliott
_95892
856 4 0 _uhttps://www.fenwickelliott.com/files/Local%20Democracy,%20Economic%20Development%20and%20Construction%20Act%202009_0.pdf
_zView this item free of charge at www.fenwickelliot.com
942 _n0
999 _c112627
_d112627